New England Patriots 16-17 Roster - Statistics

General Stats
  • This quiz has been taken 349 times
  • The average score is 12 of 30
Answer Stats
Position Player % Correct
QB Tom Brady
100%
WR Julian Edelman
71%
TE Rob Gronkowski
69%
RB James White
67%
WR Danny Amendola
56%
WR Chris Hogan
54%
RB Dion Lewis
46%
MLB Dont'a Hightower
46%
FS Devin Mccourty
45%
CB Malcolm Butler
44%
K Stephen Gostkowski
44%
C David Andrews
42%
LT Nate Solder
42%
SS Patrick Chung
42%
P Ryan Allen
40%
RB Legarrette Blount
39%
TE Martellus Bennett
37%
RT Marcus Cannon
35%
RG Shaq Mason
33%
LB Kyle Van Noy
31%
WR Malcolm MItchell
31%
LG Joe Thuney
28%
CB Logan Ryan
28%
DT Alan Branch
24%
DE Chris Long
23%
CB Eric Rowe
23%
DT Malcolm Brown
21%
QB Jimmy Garapolo
15%
DE Jabaal Sheard
12%
LB Shea Mcclellin
8%
No matching quizzes found
Score Distribution
Percent of People with Each Score
Percentile by Number Answered
Your Score History
You have not taken this quiz